An Introduction to Neural Networks (Record no. 1680)
[ view plain ]
| 000 -LEADER | |
|---|---|
| Fixed length control field | 00503nam a2200169 4500 |
| 003 - CONTROL NUMBER IDENTIFIER | |
| Control field | SEACOMEC |
| 005 - DATE AND TIME OF LATEST TRANSACTION | |
| Control field | 20240831132655.0 |
| 008 - FIXED-LENGTH DATA ELEMENTS--GENERAL INFORMATION | |
| Fixed length control field | 240831b |||||||| |||| 00| 0 eng d |
| 020 ## - INTERNATIONAL STANDARD BOOK NUMBER / ISBN | |
| International Standard Book Number | 978-0262510813 |
| Price | 375.00 |
| 040 ## - CATALOGING SOURCE | |
| Original cataloging agency | SEACOMEC |
| 082 ## - DEWEY DECIMAL CLASSIFICATION NUMBER | |
| Classification number | 006.32 |
| Book Number | A545 |
| 100 ## - MAIN ENTRY--PERSONAL NAME | |
| Personal name | Anderson, James A. |
| 245 ## - TITLE STATEMENT | |
| Title | An Introduction to Neural Networks |
| Statement of responsibility | James A. Anderson |
| 260 ## - IMPRINT | |
| Place of publication | New Delhi |
| Name of publisher | PHI learning |
| Date of publication | 2006 |
| 650 ## - SUBJECT ADDED ENTRY--TOPICAL TERM | |
| Topical term | Computer science - computer methods- Artificial intelligence |
| 942 ## - ADDED ENTRY ELEMENTS (KOHA) | |
| Koha item type | Books |
| Withdrawn status | Lost status | Source of classification | Damaged status | Not for loan | Home library | Current library | Date acquired | Total Checkouts | Call number | Accession number | Date last seen | Price effective from | Koha item type | Copy number |
|---|---|---|---|---|---|---|---|---|---|---|---|---|---|---|
| Dewey Decimal Classification | SEACOM ENGINEERING COLLEGE | SEACOM ENGINEERING COLLEGE | 14/06/2007 | 006.32 A545 | 7053 | 31/08/2024 | 31/08/2024 | Reference Books | ||||||
| Dewey Decimal Classification | SEACOM ENGINEERING COLLEGE | SEACOM ENGINEERING COLLEGE | 14/06/2007 | 006.32 A545 | 7054 | 31/08/2024 | 31/08/2024 | Books | 1 |
